• 首页
  • 本馆介绍
  • 公告通知
  • 最新文献
  • 馆藏检索
  • 电子资源
  • 读者导购
  • 参考咨询
  • 我的图书馆
  • 登录
  • 详细信息显示
  • 放入我的书架
  • 预约/预借图书
  • 作者相关作品
  • 分类相关作品
  • 丛书相关作品
  • 出版社相关作品

书目信息

  • 表格格式
  • 工作单格式
  • 卡片格式
题名:
有限自动机理论
    
 
作者: 陈文宇 著
分册:  
出版信息: 北京   电子工业出版社  2013
页数: 237页
开本: 26cm
丛书名:
单 册:
中图分类: TP301.1
科图分类:
主题词: 计算技术 , 电子计算机
电子资源:
ISBN: 978-7-121-20963-5
000 00581nam0 2200193 450
001 1734993170
005 20170405094313.18
010    @a978-7-121-20963-5@d¥45.00
100    @a20170405d km y0chiy0120 ea
101 0  @achi
200 1  @a有限自动机理论@Ayou xian zi dong ji li lun@f陈文宇等著@Fchen wen yu deng zhu
210    @a北京@c电子工业出版社@d2013
215    @a237页@d26cm
606 0  @a计算技术
606 0  @a电子计算机
690    @aTP301.1@v4
701  0 @a陈文宇@Achen wen yu@4著
801  0 @aCN@b大连网信软件有限公司图书馆·11@c20170405
905    @b6706002@dTP301.1@eS270@f1
    
    有限自动机理论/陈文宇等著.-北京:电子工业出版社,2013
    237页;26cm
    
    
    ISBN 978-7-121-20963-5:¥45.00
    
●
相关链接 在E读中查询图书 在五车中查询图书 在当当中查询图书 在豆瓣中查询图书


正题名:有限自动机理论     索取号:TP301.1/S270         预约/预借

序号 登录号 条形码 馆藏地/架位号 状态 备注
1 6706002   267060020   数信系资料室/ [索取号:TP301.1/S270] 在馆    
唐山师范学院图书馆 欢迎您!
大连网信软件有限公司© 版权所有